Ιστορία της ζώνης αγνότητος
Αποθηκεύτηκε σε:
| Άλλοι συγγραφείς: | |
|---|---|
| Μορφή: | Βιβλίο |
| Γλώσσα: | Greek |
| Δημοσίευση: |
Αθήνα :
Άγρα,
1991.
|
| Θέματα: | |
| Ετικέτες: |
Προσθήκη ετικέτας
Δεν υπάρχουν, Καταχωρήστε ετικέτα πρώτοι!
|
MARC
| LEADER | 00000cam a2200000 i 4500 | ||
|---|---|---|---|
| 001 | 1/56068 | ||
| 008 | 941103s1991 gr | ||| |||| ||gre|| | ||
| 035 | |a 1994 |c ΒΙΒΛΙΟΘΗΚΗ |l 10045460 | ||
| 040 | |a GR-MY-UA |b gre |e aacr | ||
| 041 | 0 | |a gre | |
| 082 | 0 | |a 853 | |
| 082 | 0 | |a 305.4 | |
| 245 | 1 | 0 | |a Ιστορία της ζώνης αγνότητος / |c Ανωνύμου ; μετάφραση Αλόη Σιδέρη. |
| 260 | |a Αθήνα : |b Άγρα, |c 1991. | ||
| 300 | |a 83 σ. ; |c 15 εκ. | ||
| 650 | 0 | 0 | |a Italian fiction. |
| 650 | 0 | 0 | |a Virginity |x Rites and customs. |
| 650 | 0 | 0 | |a Chastity belts. |
| 650 | 0 | 0 | |a Women |x History |y Middle Ages, 500-1500. |
| 650 | 0 | 0 | |a Women |z Europe |x Social conditions. |
| 700 | 1 | |a Σιδέρη, Αλόη, |d 1929-2004, |e trlf | |
| 852 | |a INST |b LESVOS |e 20221216 |h 305.4 ΙΣΤ |p 005100064046 |q 005100064046 |t BK |y 0 | ||
| 852 | |a INST |b SAMOS |e 19941103 |h 853 ΙΣΤ |p 005300006713 |q 005300006713 |t BK |y 0 | ||